Tres mil quinientos casos de traumatismos de futbol : registro estadístico de los mismos con clasificación de lesiones y su distribución anátomo - topográfica y deportiva / Por los doctores Emili Moragas Ramírez y Josep Suriol Torra registro estadístico de los mismos con clasificación de lesiones y su distribución anátomo - topográfica y deportiva / Por los doctores Emili Moragas Ramírez y Josep Suriol Torra
MARC
| LEADER | 00000nam a2200000Ia 4500 | ||
|---|---|---|---|
| 001 | 19646 | ||
| 008 | 160829s1936 xx 000 0 cat d | ||
| 080 | |a Q-275, exp. 61 | ||
| 100 | |a Moragas Ramírez, Emili |9 47574 | ||
| 245 | |a Tres mil quinientos casos de traumatismos de futbol : |b registro estadístico de los mismos con clasificación de lesiones y su distribución anátomo - topográfica y deportiva / Por los doctores Emili Moragas Ramírez y Josep Suriol Torra | ||
| 260 | |a Barcelona : |b E. Duran, |c 1936 | ||
| 300 | |a 48 p. : |b gràf., taules ; |c 24 cm | ||
| 590 | |a Comunicació presentada al IV Congrés Internacional de Metges Esportius de Berlín. | ||
| 590 | |a Resums en francès, alemany, italià i anglès | ||
| 650 | |a Medicina esportiva |x Congressos |9 47575 | ||
| 650 | |a Futbol |x Accidents i lesions |x Congressos |9 47576 | ||
| 700 | |a Suriol Torra, Josep |9 47570 | ||
| 901 | |a Arxiu | ||
| 942 | |n 1 | ||
| 952 | |0 0 |1 0 |4 0 |6 Q275_EXP_61 |7 1 |9 53975 |a Arxiu |b Arxiu |d 2016-12-01 |l 0 |o Q-275, exp. 61 |p 19646 |r 2016-12-01 00:00:00 |w 2016-12-01 |y ARXIU | ||
| 999 | |c 57842 |d 57842 | ||